| 000 -LEADER |
| fixed length control field |
00949cam a22002654a 4500 |
| 020 ## - INTERNATIONAL STANDARD BOOK NUMBER |
| ISBN |
076454229X (PAPER/CDROM) |
| 040 ## - CATALOGING SOURCE |
| Transcribing agency |
DLC |
| 082 00 - DEWEY DECIMAL CLASSIFICATION NUMBER |
| Classification number |
004 WIL 2004 A007 Or. |
| 100 1# - MAIN ENTRY--AUTHOR NAME |
| Personal name |
Press, Barry, |
| 245 10 - TITLE STATEMENT |
| Title |
PC toys : |
| Remainder of title |
14 cool projects for home, office, and entertainment / |
| 260 ## - PUBLICATION, DISTRIBUTION, ETC. (IMPRINT) |
| Place of publication |
Indianapolis, IN : |
| Name of publisher |
Wiley Pub., |
| Year of publication |
c2004. |
| 300 ## - PHYSICAL DESCRIPTION |
| Number of Pages |
xxv, 308 p. : |
| Other physical details |
ill. ; |
| Dimensions |
24 cm. + |
| Accompanying material |
1 CD-ROM (4 3/4 in.) |
| 500 ## - GENERAL NOTE |
| General note |
"Extreme Tech"--Cover. |
| 650 #0 - SUBJECT ADDED ENTRY--TOPICAL TERM |
| Topical Term |
Home automation. |
| 650 #0 - SUBJECT ADDED ENTRY--TOPICAL TERM |
| Topical Term |
Computer input-output equipment. |
| 650 #0 - SUBJECT ADDED ENTRY--TOPICAL TERM |
| Topical Term |
Home computer networks. |
| 650 #0 - SUBJECT ADDED ENTRY--TOPICAL TERM |
| Topical Term |
Household electronics. |
| 650 #0 - SUBJECT ADDED ENTRY--TOPICAL TERM |
| Topical Term |
Home entertainment systems. |
| 650 #0 - SUBJECT ADDED ENTRY--TOPICAL TERM |
| Topical Term |
IBM-compatible computers |
| 700 1# - ADDED ENTRY--PERSONAL NAME |
| Personal name |
Press, Marcia, |
| 856 42 - ELECTRONIC LOCATION AND ACCESS |
| Uniform Resource Identifier |
http://www.loc.gov/catdir/bios/wiley046/2003017922.html |
| 856 41 - ELECTRONIC LOCATION AND ACCESS |
| Uniform Resource Identifier |
http://www.loc.gov/catdir/toc/ecip047/2003017922.html |
| 856 42 - ELECTRONIC LOCATION AND ACCESS |
| Uniform Resource Identifier |
http://www.loc.gov/catdir/description/wiley039/2003017922.html |
| 942 ## - ADDED ENTRY ELEMENTS (KOHA) |
| Koha item type |
សៀវភៅភាសាអង់គ្លេស |
| 952 ## - LOCATION AND ITEM INFORMATION (KOHA) |
| Withdrawn status [LOCAL, KOHA] |
0 |